000 00815nam a2200229Ia 4500
003 GCL
005 20240530104651.0
008 140319s9999 xx 000 0 ara d
020 _a9772571099
040 _aGCL /
_cGCL
082 0 4 _a962
_bق/ع ت
100 1 _aعبدالعظيم رمضان
245 1 0 _aتاريخ مصر والمزورون /
_cعبدالعظيم رمضان
250 _aط1
260 _aالقاهرة :
_bالزهراء للاعلام العربى ،
_c1993
300 _a396 ص
650 0 4 _aحرب اكتوبر 1973
650 0 4 _aمصر - تاريخ - العصر الحديث - ثورة 1919
650 0 4 _aمصر - تاريخ - العصر الحديث (1805 - 1956 )
650 0 4 _aمصر - تاريخ - العصر الحديث - الثورة العرابية
942 _2ddc
_cBK
999 _c49668
_d49668